Logical Elimination Click Quiz: African Countries - Statistics

General Stats
  • This quiz has been taken 334 times
  • The average score is 9 of 15
Answer Stats
Hint Answer % Correct
I am an island Madagascar
80%
I only have one border Gambia
79%
I am the least populated Seychelles
77%
I have a rifle in my flag Mozambique
70%
Cameroon is one of my borders Gabon
66%
My capital starts with W Namibia
64%
I start with a vowel Egypt
60%
I start with T Tunisia
60%
My flag was completely green before it changed Libya
59%
I am 7 letters long Morocco
54%
I border Zambia Tanzania
53%
I border Red Sea Sudan
51%
My capital is exactly 11 letters long Burkina Faso
50%
I am landlocked Ethiopia
45%
I am the remaining country Sierra Leone
42%
No matching quizzes found
Score Distribution
Percent of People with Each Score
Percentile by Number Answered
Your Score History
You have not taken this quiz